| 000 | 00485nam a2200181Ia 4500 | ||
|---|---|---|---|
| 003 | GCL | ||
| 008 | 140319s9999 xx 000 0 eng d | ||
| 040 |
_aGCL / _cGCL |
||
| 082 | 0 | 4 |
_aCC _b932.014 _bO M |
| 100 | 1 | _aOSMAN, AHMED | |
| 245 | 1 | 0 |
_aMOSES PHAROAH OF EGYPT: THE MYSTERY OF AKHENATEN RESOLVED / _cOSMAN, AHMED |
| 260 |
_a[S.N] : _bGRAFTON BOOKS ، _c1990 |
||
| 300 | _a262 P | ||
| 650 | 0 | 4 | _aEGYPT |
| 650 | 0 | 4 | _aAKHENATEN |
| 650 | 0 | 4 | _aEGYPT - ANTIQUITIES |
| 942 |
_2ddc _cBK |
||
| 999 |
_c16032 _d16032 |
||